000 00464nam a2200157Ia 4500
008 210716s2016 xx 000 0 und d
020 _a9788126563111
041 _aeng
082 _a332.6 PINJ
100 _aPinto, Jerald E; Henry, Elaine; Robinson, Thomas R; Stowe, Jhon D.
245 _aEquity asset valuation.
250 _a3
260 _aNew Delhi
_bWiley India Pvt Ltd
_c2016
300 _axiv,595
650 _aInvestment Analysis & Portfolio Management
999 _c209930
_d209930